|
|
|
|
| LEADER |
01495nam a2200313 a 4500 |
| 001 |
2952428 |
| 008 |
100111s1990 sz b i000 0 eng d |
| 010 |
|
|
|a 90196237
|
| 020 |
|
|
|a 9221055590 :
|c 25.00F
|
| 020 |
|
|
|a 9221065189 (hard)
|
| 040 |
|
|
|a DLC
|c DLC
|d BD-DhAAL
|
| 082 |
0 |
0 |
|a 368.4/0082
|2 20
|
| 100 |
1 |
|
|a Brocas, Anne-Marie.
|
| 240 |
1 |
0 |
|a Femmes et la sécurité sociale.
|l English
|
| 245 |
1 |
0 |
|a Women and social security :
|b progress towards equality of treatment /
|c Anne-Marie Brocas, Anne-Marie Cailloux, Virginie Oget.
|
| 260 |
|
|
|a Geneva :
|b International Labour Office,
|c 1990.
|
| 300 |
|
|
|a viii, 116 p. ;
|c 24 cm.
|
| 500 |
|
|
|a Translation of: Les femmes et la sécurité sociale.
|
| 504 |
|
|
|a Includes bibliographical references (p. 111-116).
|
| 541 |
1 |
|
|e 00005719
|
| 650 |
|
0 |
|a Social security.
|
| 650 |
|
0 |
|a Women
|x Pensions.
|
| 700 |
1 |
|
|a Cailloux, Anne-Marie.
|
| 700 |
1 |
|
|a Oget, Virginie.
|
| 852 |
4 |
|
|a Ayesha Abed Library
|j General Shelf.
|
| 999 |
|
|
|c 6871
|d 6871
|
| 952 |
|
|
|0 0
|1 0
|2 ddc
|4 0
|6 368_400820000000000_BRO_1990
|7 0
|9 7082
|a BRACUL
|b BRACUL
|c GEN
|d 2010-01-12
|g 1694.50
|l 0
|o 368.40082 BRO
|p 3010005719
|r 2010-01-12
|t 1
|w 2010-01-12
|y BK
|
| 952 |
|
|
|0 0
|1 0
|2 ddc
|4 0
|6 368_400820000000000_BRO_1990
|7 0
|9 8896
|a BRACUL
|b BRACUL
|c GEN
|d 2010-03-30
|g 1694.50
|l 0
|o 368.40082 BRO
|p 3010005720
|r 2010-03-30
|t 2
|w 2010-03-30
|y BK
|
| 952 |
|
|
|0 0
|1 0
|2 ddc
|4 0
|6 368_400820000000000_BRO_1990
|7 0
|9 8897
|a BRACUL
|b BRACUL
|c GEN
|d 2010-03-30
|g 1694.00
|l 0
|o 368.40082 BRO
|p 3010005718
|r 2010-03-30
|t 3
|w 2010-03-30
|y BK
|